000 004510000a22001690004500
003 MACL
005 20160202111226.0
008 160202b xxu||||| |||| 00| 0 eng d
040 _aMACL
_cMACL
041 _aHindi
082 _a320
245 _aभारत का संविधान सिद्धांत और व्‍यवहार
260 _c2006
350 _a65
650 _aसंविधान
_9205
942 _cHIN
_k320
_2ddc
999 _c45517
_d45517